[Event "Nizhnij Novgorod Dubinin Memorial 22nd"]
[Site "Nizhnij Novgorod"]
[Date "2015.??.??"]
[Round "2"]
[White "Stepanushkin, Alexander"]
[Black "Yatzenko, Anton"]
[Result "0-1"]
[WhiteElo "1945"]
[BlackElo "2387"]
[PlyCount "62"]
[EventDate "2015.01.03"]
[EventType "swiss"]
[EventRounds "9"]
[EventCountry "RUS"]
[SourceTitle "CBM 164 Extra"]
[Source "ChessBase"]
[SourceDate "2015.03.02"]
[SourceVersion "1"]
[SourceVersionDate "2015.03.02"]
[SourceQuality "1"]

1. d4 d5 2. Nf3 Nf6 3. e3 g6 4. Bd3 Bg7 5. Nbd2 0-0 6. b3 b6 7. c4 c5 8. Ba3 cxd4 9. exd4 Nc6 10. 0-0 dxc4 11. Bxc4 Nd5 12. Rc1 Bf5 13. Nh4 Be6 14. Ndf3 Bh6 15. Bxd5 Qxd5 16. Rc3 Qa5 17. Bb2 Nb4 18. a3 Nd5 19. Rd3 Rac8 20. Ne5 Rfd8 21. g3 b5 22. f4 f6 23. Ng4 Bg7 24. f5 Bf7 25. b4 Qc7 26. Qd2 Qc2 27. Rd1 Qxd2 28. R1xd2 Nb6 29. Re2 Bc4 30. Rde3 Bxe2 31. Rxe2 Kf7 0-1

[Event "Nizhnij Novgorod Dubinin Memorial 22nd"]
[Site "Nizhnij Novgorod"]
[Date "2015.??.??"]
[Round "3"]
[White "Zhuvak, Vladislav"]
[Black "Stepanushkin, Alexander"]
[Result "0-1"]
[WhiteElo "1645"]
[BlackElo "1945"]
[PlyCount "60"]
[EventDate "2015.01.03"]
[EventType "swiss"]
[EventRounds "9"]
[EventCountry "RUS"]
[SourceTitle "CBM 164 Extra"]
[Source "ChessBase"]
[SourceDate "2015.03.02"]
[SourceVersion "1"]
[SourceVersionDate "2015.03.02"]
[SourceQuality "1"]

1. e4 c5 2. Nf3 a6 3. d4 cxd4 4. Nxd4 Nf6 5. Nc3 e5 6. Nf3 Nc6 7. Bc4 Be7 8. 0-0 d6 9. h3 b5 10. Bb3 Bb7 11. Re1 Na5 12. Bd5 Nxd5 13. Nxd5 Rc8 14. Bd2 Nc4 15. b3 Bxd5 16. exd5 Nxd2 17. Qxd2 0-0 18. Rac1 f5 19. h4 h6 20. g3 f4 21. Kg2 g5 22. Qd3 Kg7 23. Rg1 Qd7 24. hxg5 hxg5 25. gxf4 Qg4+ 26. Kf1 Qxf4 27. Ke2 e4 28. Qd4+ Bf6 29. Rxg5+ Qxg5 30. Nxg5 Bxd4 0-1

[Event "Nizhnij Novgorod Region-ch"]
[Site "Nizhnij Novgorod"]
[Date "2013.10.19"]
[Round "3"]
[White "Denisov, Albert"]
[Black "Stepanushkin, Alexander"]
[Result "0-1"]
[WhiteElo "1793"]
[BlackElo "1939"]
[PlyCount "116"]
[EventDate "2013.10.19"]
[EventType "swiss"]
[EventRounds "9"]
[EventCountry "RUS"]
[SourceTitle "EXT 2022"]
[Source "ChessBase"]
[SourceDate "2021.10.06"]
[SourceVersion "1"]
[SourceVersionDate "2021.10.06"]
[SourceQuality "1"]

1. d4 c5 2. d5 g6 3. c4 Bg7 4. Nc3 Bxc3+ 5. bxc3 Qa5 6. Bd2 Nf6 7. Qb1 0-0 8. e4 d6 9. Nf3 Nbd7 10. Bd3 Ng4 11. 0-0 Nge5 12. Nxe5 Nxe5 13. f4 Nxd3 14. Qxd3 f6 15. f5 Kg7 16. h4 Rg8 17. Qe3 Kh8 18. Rf3 Qd8 19. Raf1 Qe8 20. Kh1 b6 21. Qf4 Ba6 22. Re1 Qf7 23. g4 Bxc4 24. fxg6 Qxg6 25. Rg3 Raf8 26. Reg1 b5 27. Qf3 a5 28. h5 Qe8 29. Bh6 Rf7 30. Qf2 e6 31. Rf3 exd5 32. e5 dxe5 33. Rxf6 d4 34. Rf1 Rfg7 35. Bxg7+ Kxg7 36. h6+ Kh8 37. Rf8 Qxf8 38. Qxf8 Rxf8 39. Rxf8+ Bg8 40. cxd4 exd4 41. Kg1 b4 42. Kf2 a4 43. Ke1 c4 44. Kd2 a3 45. Ra8 d3 46. Kc1 c3 47. Kb1 d2 48. Kc2 b3+ 49. axb3 a2 50. Kd1 a1Q+ 51. Rxa1 Bxb3+ 52. Ke2 Kg8 53. g5 Kf7 54. Rf1+ Kg6 55. Rg1 Bc2 56. Ra1 Kxg5 57. Rh1 Kg6 58. Rg1+ Kxh6 0-1

[Event "Nizhnij Novgorod Region-ch"]
[Site "Nizhnij Novgorod"]
[Date "2013.10.19"]
[Round "6"]
[White "Stepanushkin, Alexander"]
[Black "Vorobiov, Dmitry"]
[Result "0-1"]
[WhiteElo "1939"]
[BlackElo "2116"]
[PlyCount "82"]
[EventDate "2013.10.19"]
[EventType "swiss"]
[EventRounds "9"]
[EventCountry "RUS"]
[SourceTitle "EXT 2022"]
[Source "ChessBase"]
[SourceDate "2021.10.06"]
[SourceVersion "1"]
[SourceVersionDate "2021.10.06"]
[SourceQuality "1"]

1. d4 Nf6 2. Bg5 Ne4 3. Bf4 f5 4. e3 d5 5. Nf3 e6 6. Ne5 Qf6 7. h4 c6 8. f3 g5 9. fxe4 gxf4 10. Qh5+ Ke7 11. exf4 Bh6 12. exd5 Bxf4 13. d6+ Kxd6 14. Nf7+ Kc7 15. Nxh8 Bg3+ 16. Ke2 Qxd4 17. Qf3 f4 18. Qc3 Qe4+ 19. Kd1 e5 20. Be2 Be6 21. Nd2 Qf5 22. Qd3 Qf8 23. Qxh7+ Nd7 24. Ng6 Qb4 25. Kc1 Re8 26. Nxe5 f3 27. Nexf3 Bd5 28. Bd3 Bf4 29. c3 Qd6 30. Bf5 Re7 31. Qg6 Nf6 32. Rd1 Bf7 33. Qg7 Bc4 34. Qf8 Be2 35. Kc2 Nd5 36. Kb3 Ne3 37. Re1 Qd5+ 38. c4 Bxc4+ 39. Kc3 Be5+ 40. Nxe5 Qxe5+ 41. Kb4 a5+ 0-1

[Event "Nizhnij Novgorod Region-ch"]
[Site "Nizhnij Novgorod"]
[Date "2012.10.11"]
[Round "?"]
[White "Stepanushkin, Alexander"]
[Black "Bodyagin, Anton"]
[Result "1-0"]
[WhiteElo "1943"]
[BlackElo "1898"]
[PlyCount "61"]
[EventDate "2012.10.06"]
[EventType "swiss"]
[EventRounds "9"]
[EventCountry "RUS"]
[SourceTitle "EXT 2022"]
[Source "ChessBase"]
[SourceDate "2021.10.06"]
[SourceVersion "1"]
[SourceVersionDate "2021.10.06"]
[SourceQuality "1"]

1. d4 Nf6 2. Nf3 d5 3. e3 g6 4. Bd3 Bg7 5. Nbd2 Nbd7 6. 0-0 0-0 7. b3 c5 8. Bb2 cxd4 9. exd4 b6 10. Re1 Bb7 11. Rc1 Rc8 12. Ba3 Re8 13. Qe2 e6 14. Ne5 Nxe5 15. dxe5 Nd7 16. Bd6 f6 17. f4 Nc5 18. b4 Nxd3 19. cxd3 Qd7 20. Nb3 Ba6 21. Nd4 Bh6 22. g3 f5 23. Qd2 Kf7 24. a4 Bf8 25. Bxf8 Rxf8 26. b5 Bb7 27. g4 Rxc1 28. Rxc1 fxg4 29. f5 gxf5 30. Qh6 Ke7 31. Nxe6 1-0

[Event "Nizhnij Novgorod Dubinin Memorial 18th"]
[Site "Nizhnij Novgorod"]
[Date "2011.01.03"]
[Round "?"]
[White "Maershina, Arina"]
[Black "Stepanushkin, Alexander"]
[Result "1-0"]
[WhiteElo "1723"]
[BlackElo "1999"]
[PlyCount "31"]
[EventDate "2011.01.03"]
[EventType "swiss"]
[EventRounds "9"]
[EventCountry "RUS"]
[SourceTitle "EXT 2012"]
[Source "ChessBase"]
[SourceDate "2011.11.24"]
[SourceVersion "1"]
[SourceVersionDate "2011.11.24"]
[SourceQuality "1"]

1. e4 c5 2. Nf3 Nc6 3. c3 Nf6 4. e5 Nd5 5. d4 cxd4 6. cxd4 d6 7. Bc4 dxe5 8. dxe5 Be6 9. 0-0 g6 10. Bb5 Rc8 11. Bd2 Bg7 12. Nc3 Bg4 13. Re1 0-0 14. Bxc6 Rxc6 15. Qe2 Nb4 16. Rad1 1-0

[Event "Nizhnij Novgorod Dubinin Memorial 18th"]
[Site "Nizhnij Novgorod"]
[Date "2011.01.03"]
[Round "?"]
[White "Stepanushkin, Alexander"]
[Black "Kriukov, Andrey"]
[Result "0-1"]
[WhiteElo "1999"]
[BlackElo "1828"]
[PlyCount "30"]
[EventDate "2011.01.03"]
[EventType "swiss"]
[EventRounds "9"]
[EventCountry "RUS"]
[SourceTitle "EXT 2012"]
[Source "ChessBase"]
[SourceDate "2011.11.24"]
[SourceVersion "1"]
[SourceVersionDate "2011.11.24"]
[SourceQuality "1"]

1. d4 d5 2. Nf3 Nf6 3. Bg5 e6 4. e3 h6 5. Bh4 Be7 6. Bd3 c5 7. c3 0-0 8. Nbd2 Nc6 9. Ne5 Nd7 10. Bxe7 Qxe7 11. f4 Ndxe5 12. fxe5 Qh4+ 13. g3 Qg5 14. Qe2 a6 15. Nf3 Qe7 0-1

[Event "Kstovo op"]
[Site "Kstovo"]
[Date "2010.09.09"]
[Round "6"]
[White "Stepanushkin, Alexander"]
[Black "Malyshev, Nikita"]
[Result "1-0"]
[WhiteElo "2006"]
[BlackElo "1848"]
[PlyCount "74"]
[EventDate "2010.09.04"]
[EventType "swiss"]
[EventRounds "9"]
[EventCountry "RUS"]
[SourceTitle "EXT 2014"]
[Source "ChessBase"]
[SourceDate "2013.11.20"]
[SourceVersion "1"]
[SourceVersionDate "2013.11.20"]
[SourceQuality "1"]

1. d4 Nf6 2. Bg5 Ne4 3. Bf4 d5 4. e3 Bf5 5. Bd3 Bg6 6. Nf3 e6 7. 0-0 Be7 8. Ne5 0-0 9. Nxg6 hxg6 10. c4 Nd7 11. f3 Nd6 12. cxd5 exd5 13. Nc3 Nf6 14. g4 c6 15. e4 dxe4 16. fxe4 Nc8 17. Be3 Nb6 18. Kh1 Qc7 19. Qf3 Rad8 20. Rac1 Rd7 21. Rg1 Re8 22. Rcf1 Rf8 23. Rg3 Bb4 24. Ne2 c5 25. Bf4 Qc8 26. dxc5 Bxc5 27. Rc1 Rfd8 28. Bc2 Qa8 29. Rh3 Nc8 30. Qg3 b5 31. Qf3 Re8 32. Bb3 Nxe4 33. Rxc5 Nf2+ 34. Kg2 Qxf3+ 35. Rxf3 Nxg4 36. Rc2 Rde7 37. Ng3 Nb6 1-0

[Event "Nizhnij Novgorod Voroniatov Memorial 7t"]
[Site "Nizhnij Novgorod"]
[Date "2010.05.03"]
[Round "2"]
[White "Shilnikov, Igor S"]
[Black "Stepanushkin, Alexander"]
[Result "1/2-1/2"]
[WhiteElo "1931"]
[BlackElo "2029"]
[PlyCount "42"]
[EventDate "2010.05.02"]
[EventType "swiss"]
[EventRounds "8"]
[EventCountry "RUS"]
[SourceTitle "CBM 136 Extra"]
[Source "ChessBase"]
[SourceDate "2010.07.02"]
[SourceVersion "2"]
[SourceVersionDate "2010.07.15"]
[SourceQuality "1"]

1. d4 Nf6 2. Nf3 c5 3. c4 cxd4 4. Nxd4 e6 5. Nc3 Bb4 6. Qc2 Nc6 7. Nf3 d5 8. Bd2 d4 9. Ne4 Nxe4 10. Qxe4 Bxd2+ 11. Nxd2 Qa5 12. a3 0-0 13. Qb1 Re8 14. g3 Qh5 15. Bg2 e5 16. Ne4 Bh3 17. Bf3 Bg4 18. Bxg4 Qxg4 19. h3 Qe6 20. Ng5 Qg6 21. Qxg6 hxg6 1/2-1/2

[Event "Nizhnij Novgorod op"]
[Site "Nizhnij Novgorod"]
[Date "2010.??.??"]
[Round "?"]
[White "Shilnikov, Igor S"]
[Black "Stepanushkin, Alexander"]
[Result "1/2-1/2"]
[WhiteElo "1931"]
[BlackElo "2029"]
[PlyCount "107"]
[EventDate "2010.10.02"]
[EventType "swiss"]
[EventRounds "9"]
[EventCountry "RUS"]
[SourceTitle "EXT 2011"]
[Source "ChessBase"]
[SourceDate "2010.11.26"]
[SourceVersion "1"]
[SourceVersionDate "2010.11.26"]
[SourceQuality "1"]

1. d4 c5 2. c3 e6 3. Nf3 Nf6 4. Bg5 Qb6 5. Qc2 Nc6 6. e3 Ne4 7. Bf4 d5 8. Nbd2 f5 9. Nxe4 fxe4 10. Ne5 cxd4 11. exd4 Be7 12. Be2 0-0 13. Nxc6 Qxc6 14. Bg3 Bd7 15. 0-0 Bg5 16. f3 Be3+ 17. Bf2 Bxf2+ 18. Rxf2 Qd6 19. Qd2 exf3 20. Bxf3 Rf6 21. Re2 Rh6 22. Re5 Rf8 23. Rae1 Rff6 24. Bg4 Qe7 25. h3 Qf7 26. Qe3 Qg6 27. Qe2 Kf7 28. c4 a6 29. b3 Kf8 30. a4 dxc4 31. bxc4 Bxa4 32. Bxe6 Qc2 33. Qxc2 Bxc2 34. Bd5 Ba4 35. Bxb7 Rb6 36. Bd5 Rhf6 37. c5 Rb4 38. R5e4 Bc6 39. Bxc6 Rxc6 40. Rf1+ Rf6 41. Rxf6+ gxf6 42. Kf2 Kf7 43. Kf3 Rc4 44. g4 a5 45. h4 a4 46. Ke3 a3 47. Kd3 a2 48. Re1 Ra4 49. Ra1 Ke6 50. Kc3 Kd5 51. Kb3 Rxd4 52. g5 fxg5 53. hxg5 Rg4 54. Rxa2 1/2-1/2

[Event "Nizhnij Novgorod Dubinin Memorial 17th"]
[Site "Nizhnij Novgorod"]
[Date "2010.??.??"]
[Round "?"]
[White "Stepanushkin, Alexander"]
[Black "Mulenko, Alexander"]
[Result "0-1"]
[WhiteElo "2029"]
[BlackElo "2098"]
[PlyCount "64"]
[EventDate "2010.01.03"]
[EventType "swiss"]
[EventRounds "9"]
[EventCountry "RUS"]
[SourceTitle "CBM 134 Extra"]
[Source "ChessBase"]
[SourceDate "2010.03.03"]
[SourceVersion "1"]
[SourceVersionDate "2010.03.03"]
[SourceQuality "1"]

1. d4 Nf6 2. Bg5 d5 3. e3 Ne4 4. Bf4 c5 5. c3 Nc6 6. Bd3 cxd4 7. exd4 Bf5 8. Nf3 e6 9. Ne5 Qb6 10. Qe2 Be7 11. Nxc6 bxc6 12. f3 Nd6 13. Bxf5 Nxf5 14. 0-0 c5 15. dxc5 Bxc5+ 16. Kh1 0-0 17. a4 Rfe8 18. g4 Nh4 19. b4 Bd6 20. Bxd6 Qxd6 21. Na3 e5 22. Rfd1 Ng6 23. Qd2 Rad8 24. Nc2 Qf6 25. Rf1 d4 26. cxd4 exd4 27. Rae1 Rxe1 28. Nxe1 d3 29. f4 Qc6+ 30. Kg1 Qxa4 31. Rf3 Qd7 32. h3 Qd4+ 0-1